000 00327nam a2200121Ia 4500
005 20260326235444.0
008 260326s9999||||xx |||||||||||||| ||und||
100 _aBuchanan, Peter
245 0 _aRenzo Piano Building Workshop :
_b Complete Works Vol.1 /
_cPeter Buchanan
260 _bPhaidon
650 _aARQUITECTOS
942 _cBK
999 _c7521
_d7521